Weather Songs - Statistics

General Stats
  • This quiz has been taken 105 times
    74 since last reset
  • The average score is 9 of 16
Answer Stats
Artist Song Title % Correct
Weathergirls Its {Raining} Men
93%
Katrina and the Waves Walking on {Sunshine}
90%
AC/DC {Thunder}struck
83%
Elton John {Candle} in the Wind
72%
Bob Dylan {Blowin} in the Wind
65%
Al Jolson April {Showers}
60%
Doors {Riders} on the Storm
58%
The Fortunes Storm in a {Teacup}
57%
Guns 'n' Roses {November} Rain
52%
Scorpions Wind of {Change}
52%
Carpenters Rainy Days and {Mondays}
50%
Buddy Holly & the Crickets Raining in my {Heart}
40%
Aerosmith Lightning {Strikes}
32%
B*Witched Blame in on the {Weatherman}
30%
Martha & the Vandellas (Love is Like a) {Heat} {Wave}
18%
Ariana Grande Snow in {California}
10%
No matching quizzes found
Score Distribution
Percent of People with Each Score
Percentile by Number Answered
Your Score History
You have not taken this quiz since the last reset